| 000 | 00000nam##2200000za#4500 |
| 001 | 9.696378 |
| 003 | CaOODSP |
| 005 | 20210624235015 |
| 007 | cr ||||||||||| |
| 008 | 150407|1997||||xxc|||||o f|0| 0 eng|d |
| 040 | |aCaOODSP|beng |
| 043 | |an-cn--- |
| 086 | 1 |aCH4-1/22-1997E-PDF |
| 110 | 1 |aCanada. |bCanadian Heritage. |
| 245 | 14|aThe multimedia industry in Canada : |h[electronic resource]|ban analysis of development options / |cprepared for the Department of Canadian Heritage [by] SECOR. |
| 260 | |aOttawa - Ontario : |bCanadian Heritage |c[1997]. |
| 300 | |a72p.|bfigs., graphs, tables |
| 500 | |aThe catalogue number (C114-1/22-1997E) and ISBN (0-660-17117-1) for the print edition have been incorrectly copied in this electronic publication. |
| 504 | |aBibliography. |
| 590 | |a12-31-Supp|b2012-07-06 |
| 690 | 07|aCommunications industry|2gcpds |
| 690 | 07|aMultimedia|2gcpds |
| 775 | 08|tL'industrie du multimédia au Canada : |w(CaOODSP)9.640494 |
| 776 | 0#|tThe multimedia industry in Canada : |w(CaOODSP)9.646680 |
| 856 | 40|ahttp://publications.gc.ca|qPDF|s370 KB|uhttps://publications.gc.ca/collections/Collection/CH4-1-22-1997E.pdf |